00477 2200181 4500001002100000005001700021006001900038008004100057020002200098035002500120090001400145100002100159245002600180260003800206990001700244990001700261990001700278INLIS00000000000841720130916121058.0a ||| | 180719| ||| |  a978-979-29-2525-8 a0010-081300000000054 a005.3 - a0 aMaria Agustina S00aAdobe Dreamweaver CS5 aYogyakartabC.V ANDI OFFSETc2012 a8583/PN/2013 a8939/PN/2013 a8583/PN/2013